000 00450cam a2200169ua 4500
020 _cRs.15.00
041 _aeng
_h
082 _a330.0723
_bMUK/EC
100 _aMukherjee, P K .
245 _aEconomic surveys in under - developed countries /
_cP K Mukherjee.
_hTextual Documents
260 _aMumbai :
_bAsia Publishing House ,
_c1962.
300 _a263 ; .
365 _aRs.15.00
504 _a
942 _cBK
999 _c2144
_d2144